[Event "Leamington Spa 4NCL op-A 28th"]
[Site "Leamington Spa"]
[Date "2022.07.10"]
[Round "5"]
[White "Jina, Taran"]
[Black "Taylor, Adam A"]
[Result "0-1"]
[WhiteElo "1912"]
[BlackElo "2216"]
[PlyCount "82"]
[EventDate "2022.07.08"]
[EventType "swiss"]
[EventRounds "5"]
[EventCountry "ENG"]
[SourceTitle "CBM 209 Extra"]
[Source "ChessBase"]
[SourceDate "2022.09.30"]
[SourceVersion "1"]
[SourceVersionDate "2022.09.30"]
[SourceQuality "1"]

1. Nf3 Nf6 2. g3 b6 3. Bg2 Bb7 4. 0-0 e6 5. c4 Be7 6. b3 c5 7. Bb2 0-0 8. d4 d5 9. Nbd2 Nc6 10. e3 Rc8 11. Rc1 Rc7 12. Ne5 cxd4 13. exd4 dxc4 14. Ndxc4 Qa8 15. Nxc6 Bxc6 16. Bxc6 Rxc6 17. Qf3 Rfc8 18. Ne5 Rxc1 19. Rxc1 Rxc1+ 20. Bxc1 Qxf3 21. Nxf3 Nd5 22. Bd2 f6 23. Kf1 Kf7 24. Ke2 Ke8 25. Ne1 b5 26. Nc2 Kd7 27. Kd3 Kc6 28. Ba5 h5 29. Bd2 g5 30. f3 g4 31. f4 f5 32. Be1 h4 33. Ne3 Nxe3 34. Kxe3 h3 35. b4 Kd5 36. Kd3 Bd6 37. Bd2 Bc7 38. Bc1 Bb6 39. Be3 Bd8 40. Bc1 Bf6 41. Bb2 Bh4 0-1

[Event "Leamington Spa 4NCL op-A 28th"]
[Site "Leamington Spa"]
[Date "2022.07.08"]
[Round "1"]
[White "Li, Ethan2222"]
[Black "Jina, Taran"]
[Result "1-0"]
[WhiteElo "1677"]
[BlackElo "1912"]
[PlyCount "117"]
[EventDate "2022.07.08"]
[EventType "swiss"]
[EventRounds "5"]
[EventCountry "ENG"]
[SourceTitle "CBM 209 Extra"]
[Source "ChessBase"]
[SourceDate "2022.09.30"]
[SourceVersion "1"]
[SourceVersionDate "2022.09.30"]
[SourceQuality "1"]

1. e4 e6 2. d4 d5 3. Nd2 Be7 4. e5 c5 5. c3 Nc6 6. Ndf3 f6 7. exf6 Nxf6 8. Bd3 0-0 9. Ne2 Bd6 10. 0-0 e5 11. dxe5 Nxe5 12. Nxe5 Bxe5 13. Bf4 Qd6 14. Bxe5 Qxe5 15. Qd2 Ng4 16. Ng3 Bd7 17. Rae1 Qd6 18. h3 Nxf2 19. Ne4 Nxe4 20. Bxe4 Bc6 21. Rxf8+ Rxf8 22. Rd1 Rd8 23. Qc2 h6 24. Bxd5+ Bxd5 25. c4 Qe6 26. Qd3 Qe5 27. cxd5 Qxb2 28. d6 Qd4+ 29. Qxd4 cxd4 30. Rxd4 Kf7 31. Ra4 a6 32. Rb4 Rd7 33. Rb6 Ke6 34. Kf2 Kd5 35. a4 a5 36. Rb5+ Kc6 37. Rxa5 Rxd6 38. Ke3 Rd1 39. h4 Ra1 40. Kf4 Rf1+ 41. Kg4 g6 42. h5 g5 43. Rf5 Ra1 44. Rf6+ Kc5 45. Rxh6 Rxa4+ 46. Kxg5 b5 47. Re6 b4 48. h6 b3 49. Re1 Ra7 50. Kg6 Ra6+ 51. Kh5 Ra7 52. g4 Kd4 53. g5 Kc3 54. g6 Ra5+ 55. Kg4 Kc2 56. h7 Rd5 57. h8Q Rd1 58. Rxd1 Kxd1 59. Qb2 1-0

[Event "ENG Terafinal"]
[Site "Daventry"]
[Date "2017.08.13"]
[Round "4"]
[White "Jina, Taran"]
[Black "Fava, Lorenzo"]
[Result "1-0"]
[WhiteElo "162"]
[BlackElo "118"]
[PlyCount "85"]
[EventDate "2017.08.12"]
[EventType "swiss"]
[EventRounds "6"]
[EventCountry "ENG"]
[SourceTitle "CBM 179 Extra"]
[Source "ChessBase"]
[SourceDate "2017.08.23"]
[SourceVersion "1"]
[SourceVersionDate "2017.08.23"]
[SourceQuality "1"]

1. Nf3 d5 2. g3 c5 3. Bg2 Nc6 4. d4 Nf6 5. 0-0 e6 6. c4 Be7 7. cxd5 exd5 8. Nc3 0-0 9. Bg5 Be6 10. Rc1 cxd4 11. Nxd4 Rc8 12. Qa4 Qd7 13. Rfd1 h6 14. Nxe6 fxe6 15. Bxf6 Bxf6 16. Nxd5 Qf7 17. Qf4 Bxb2 18. Rb1 Be5 19. Qxf7+ Rxf7 20. Bh3 Re8 21. Ne3 Nd4 22. Bg4 g6 23. Nc4 Bg7 24. Nd6 h5 25. Nxe8 hxg4 26. Rd2 Bh8 27. Nd6 Rd7 28. Ne4 Kf7 29. Kg2 b6 30. e3 e5 31. exd4 exd4 32. Rbd1 Ke6 33. f3 Kf5 34. Nc3 g5 35. fxg4+ Ke5 36. Re2+ Kd6 37. Ne4+ Kd5 38. Nxg5 Kc4 39. Rc2+ Kb4 40. Rd3 Rd5 41. Nf3 a5 42. Rb3+ Ka4 43. Rc4# 1-0

[Event "GBR-ch 104th"]
[Site "Llandudno"]
[Date "2017.08.03"]
[Round "6"]
[White "Jina, Taran"]
[Black "Fitzsimons, David"]
[Result "0-1"]
[WhiteElo "1777"]
[BlackElo "2352"]
[PlyCount "66"]
[EventDate "2017.07.29"]
[EventType "swiss"]
[EventRounds "9"]
[EventCountry "WLS"]
[SourceTitle "CBM 179 Extra"]
[Source "ChessBase"]
[SourceDate "2017.08.23"]
[SourceVersion "1"]
[SourceVersionDate "2017.08.23"]
[SourceQuality "1"]

1. Nf3 d5 2. g3 c6 3. Bg2 Bg4 4. c4 e6 5. 0-0 Nd7 6. Nc3 Ngf6 7. b3 Bd6 8. d4 0-0 9. Bb2 Re8 10. Re1 dxc4 11. bxc4 e5 12. d5 Bc5 13. e4 Bxf2+ 14. Kxf2 Qb6+ 15. Kf1 Qxb2 16. Na4 Bxf3 17. Qxf3 Qd4 18. Rac1 cxd5 19. exd5 e4 20. Qc3 Qe5 21. Rb1 b6 22. Rb3 Qh5 23. Kg1 Ne5 24. Rf1 Rac8 25. Nb2 Nxd5 26. Qd4 Nf6 27. Rb5 e3 28. Qc3 Nf3+ 29. Bxf3 Qxb5 30. Qxf6 Qc5 31. Qxf7+ Kxf7 32. Bd5+ Ke7 33. Rf7+ Kd8 0-1

[Event "GBR-ch 104th"]
[Site "Llandudno"]
[Date "2017.07.29"]
[Round "1"]
[White "Taylor, Adam A"]
[Black "Jina, Taran"]
[Result "1/2-1/2"]
[WhiteElo "2165"]
[BlackElo "1777"]
[PlyCount "86"]
[EventDate "2017.07.29"]
[EventType "swiss"]
[EventRounds "9"]
[EventCountry "WLS"]
[SourceTitle "CBM 179 Extra"]
[Source "ChessBase"]
[SourceDate "2017.08.23"]
[SourceVersion "1"]
[SourceVersionDate "2017.08.23"]
[SourceQuality "1"]

1. Nf3 Nf6 2. g3 d5 3. Bg2 e6 4. 0-0 Be7 5. c4 0-0 6. d3 c5 7. Nc3 Nc6 8. e4 d4 9. Ne2 Nd7 10. Nf4 Rb8 11. h4 b5 12. cxb5 Rxb5 13. Nd2 Nde5 14. Nc4 Ba6 15. b3 Rb7 16. Bh3 Qb8 17. Ba3 Nd7 18. Ng2 Bb5 19. Rc1 a5 20. f4 Qa7 21. Rf2 a4 22. bxa4 Qxa4 23. Qxa4 Bxa4 24. e5 Ra8 25. Bb2 Nb4 26. Ne1 Rab8 27. f5 exf5 28. Bxf5 Nxa2 29. Ra1 Bb3 30. Na5 Nxe5 31. Nxb7 Rxb7 32. Be4 Rb8 33. Bc1 Nxc1 34. Rxc1 Be6 35. Nf3 Ng4 36. Re2 g6 37. Ra1 Kg7 38. Ra7 Bd6 39. Ng5 Rb1+ 40. Kg2 Bb3 41. Rb7 Ne3+ 42. Kh2 Nf1+ 43. Kg2 Ne3+ 1/2-1/2

[Event "GBR-ch 103rd"]
[Site "Bournemouth"]
[Date "2016.08.01"]
[Round "7"]
[White "Davis, Lee"]
[Black "Jina, Taran"]
[Result "1-0"]
[WhiteElo "1946"]
[BlackElo "1764"]
[PlyCount "53"]
[EventDate "2016.07.25"]
[EventType "swiss"]
[EventRounds "11"]
[EventCountry "ENG"]
[SourceTitle "CBM 173 Extra"]
[Source "ChessBase"]
[SourceDate "2016.08.29"]
[SourceVersion "1"]
[SourceVersionDate "2016.08.29"]
[SourceQuality "1"]

1. d4 Nf6 2. g3 d5 3. Bg2 Bf5 4. Nf3 c6 5. 0-0 e6 6. c4 Nbd7 7. Nc3 Be7 8. Nh4 Bg6 9. Nxg6 hxg6 10. Qb3 Qb6 11. c5 Qa6 12. e4 dxe4 13. Nxe4 Nxe4 14. Bxe4 0-0-0 15. Rd1 g5 16. a4 g4 17. a5 Qe2 18. a6 Nxc5 19. axb7+ Kb8 20. Bf4+ Bd6 21. Qb6 a6 22. Bxd6+ Rxd6 23. Qxc5 Rdd8 24. Bd3 Qf3 25. Qe5+ Ka7 26. b8Q+ Rxb8 27. Qc7+ 1-0

[Event "GBR-ch 103rd"]
[Site "Bournemouth"]
[Date "2016.07.28"]
[Round "4"]
[White "Jina, Taran"]
[Black "Crocker, Philip J"]
[Result "1/2-1/2"]
[WhiteElo "1764"]
[BlackElo "2122"]
[PlyCount "83"]
[EventDate "2016.07.25"]
[EventType "swiss"]
[EventRounds "11"]
[EventCountry "ENG"]
[SourceTitle "CBM 173 Extra"]
[Source "ChessBase"]
[SourceDate "2016.08.29"]
[SourceVersion "1"]
[SourceVersionDate "2016.08.29"]
[SourceQuality "1"]

1. d4 Nf6 2. Nf3 g6 3. g3 Bg7 4. Bg2 d5 5. c4 dxc4 6. 0-0 0-0 7. Na3 Nc6 8. Nxc4 Be6 9. b3 a5 10. Bb2 Bd5 11. Rc1 Qc8 12. Nce5 Rd8 13. e3 h6 14. Ba3 Qe6 15. Nd3 g5 16. Nc5 Qc8 17. Qc2 b6 18. Nd3 Qe6 19. Nde5 Nxe5 20. Nxe5 Bxg2 21. Kxg2 c5 22. Rfd1 a4 23. Bb2 Nd5 24. Qc4 Bxe5 25. dxe5 Nb4 26. Qxe6 fxe6 27. Rxd8+ Rxd8 28. bxa4 Ra8 29. Rc4 Nxa2 30. Ba3 b5 31. Rxc5 b4 32. Bb2 Rxa4 33. Rb5 Ra8 34. Bd4 Rc8 35. Kf3 Rc2 36. e4 Kf7 37. h3 Rc4 38. Ke3 Nc1 39. Bb2 Na2 40. Kd3 Rc1 41. Kd2 Rc4 42. Kd3 1/2-1/2

[Event "Glorney Cup"]
[Site "Daventry"]
[Date "2016.07.17"]
[Round "1.13"]
[White "Forster, Matthew"]
[Black "Jina, Taran"]
[Result "1-0"]
[WhiteElo "1733"]
[BlackElo "1764"]
[PlyCount "67"]
[EventDate "2016.07.17"]
[EventType "team-tourn"]
[EventRounds "5"]
[EventCountry "ENG"]
[SourceTitle "CBM 173 Extra"]
[Source "ChessBase"]
[SourceDate "2016.08.29"]
[SourceVersion "1"]
[SourceVersionDate "2016.08.29"]
[SourceQuality "1"]
[WhiteTeam "England II"]
[BlackTeam "England"]
[WhiteTeamCountry "ENG"]
[BlackTeamCountry "ENG"]

1. c4 e5 2. g3 Nf6 3. Bg2 d5 4. cxd5 Nxd5 5. Nc3 Nb6 6. Nf3 Nc6 7. d3 Be7 8. 0-0 0-0 9. a3 a5 10. Be3 Nd5 11. Nxd5 Qxd5 12. Nd4 Qd7 13. Nxc6 bxc6 14. Rc1 Ra6 15. Qa4 Bb7 16. Rc2 h6 17. Rfc1 Rb8 18. b3 Qe6 19. Rc4 f5 20. R1c3 g5 21. Bc5 Bf6 22. e3 Kg7 23. b4 Rba8 24. Qc2 e4 25. dxe4 Bxc3 26. Qxc3+ Kf7 27. exf5 Qxf5 28. Re4 Re8 29. Qc4+ Re6 30. Rd4 Ke8 31. Be4 Qf7 32. Qd3 Qf6 33. Bf5 Re5 34. Bg6+ 1-0

[Event "Rotterdam Basamro 3rd"]
[Site "Rotterdam"]
[Date "2015.10.25"]
[Round "3.10"]
[White "Jina, Taran"]
[Black "Albaric, Etienne"]
[Result "0-1"]
[WhiteElo "1779"]
[BlackElo "2097"]
[PlyCount "84"]
[EventDate "2015.10.24"]
[EventType "team-tourn"]
[EventRounds "3"]
[EventCountry "NED"]
[SourceTitle "EXT 2018"]
[Source "ChessBase"]
[SourceDate "2017.10.13"]
[SourceVersion "1"]
[SourceVersionDate "2017.10.13"]
[SourceQuality "1"]
[WhiteTeam "England U18"]
[BlackTeam "Paris"]
[WhiteTeamCountry "ENG"]
[BlackTeamCountry "FRA"]

1. Nf3 c5 2. g3 Nc6 3. d4 cxd4 4. Nxd4 g6 5. c4 Bg7 6. Be3 Nf6 7. h3 0-0 8. Bg2 d5 9. Nc3 Nxd4 10. Qxd4 e5 11. Qxe5 Ne4 12. Qxd5 Nxc3 13. Qd2 Qxd2+ 14. Bxd2 Na4 15. 0-0 Nxb2 16. Rac1 Be6 17. Bxb7 Rab8 18. Ba6 Bxh3 19. Rfe1 Bc8 20. Bb5 Be6 21. Bf4 Rb7 22. Rc2 Bd7 23. Bd6 Bxb5 24. Bxf8 Ba4 25. Bxg7 Bxc2 26. Bd4 Nxc4 27. Rc1 Rb1 28. Rxb1 Bxb1 29. Bxa7 Bxa2 30. Bd4 Nd6 31. e3 Kf8 32. Kf1 Ke7 33. Ke2 Ke6 34. Kf3 Bb3 35. Ke2 Kf5 36. Bc5 Bc4+ 37. Kf3 Bd5+ 38. Ke2 Ne4 39. Bb4 h5 40. Be1 Bc4+ 41. Kf3 Ng5+ 42. Kg2 Kg4 0-1

[Event "Rotterdam Basamro blitz op "]
[Site "Rotterdam"]
[Date "2015.10.24"]
[Round "2"]
[White "Howell, Oliver W"]
[Black "Jina, Taran"]
[Result "1/2-1/2"]
[WhiteElo "1507"]
[BlackElo "1779"]
[PlyCount "148"]
[EventDate "2015.10.24"]
[EventType "swiss (blitz)"]
[EventRounds "8"]
[EventCountry "NED"]
[SourceTitle "EXT 2018"]
[Source "ChessBase"]
[SourceDate "2017.10.13"]
[SourceVersion "1"]
[SourceVersionDate "2017.10.13"]
[SourceQuality "1"]

1. Nf3 e6 2. c4 b6 3. g3 Bb7 4. Bg2 f5 5. 0-0 Nf6 6. Nc3 h6 7. Rb1 Be7 8. d3 d6 9. b4 0-0 10. a4 Nbd7 11. a5 c5 12. bxc5 Nxc5 13. d4 Nce4 14. Nxe4 Bxe4 15. Rb3 bxa5 16. Ba3 Rc8 17. c5 dxc5 18. dxc5 Bxc5 19. Bxc5 Rxc5 20. Qd4 Qxd4 21. Nxd4 Bxg2 22. Kxg2 Re8 23. Re3 Kf7 24. Rb1 Re7 25. Ra1 Nd5 26. Rea3 Rc4 27. e3 a4 28. Rxa4 Rxa4 29. Rxa4 Nc3 30. Ra3 Ne4 31. Nc6 Rc7 32. Rxa7 Rxa7 33. Nxa7 Kf6 34. Nc6 g5 35. Nd4 e5 36. Nc6 Ke6 37. f3 Nd2 38. Nb4 Nc4 39. Nc2 Kd5 40. Kf2 Nb2 41. Ke2 Kc4 42. e4 f4 43. gxf4 gxf4 44. Ne1 Na4 45. Ng2 Nc3+ 46. Kf2 Kd3 47. Nh4 Nd1+ 48. Kg2 Ne3+ 49. Kf2 Nc4 50. Nf5 h5 51. Ng7 h4 52. h3 Nb2 53. Nf5 Nd1+ 54. Kg2 Ne3+ 55. Kf2 Nd1+ 56. Ke1 Nc3 57. Nxh4 Ke3 58. Ng6 Kxf3 59. Nxe5+ Kxe4 60. Ng4 f3 61. Nf2+ Ke3 62. h4 Nd5 63. h5 Nf6 64. h6 Nh7 65. Ng4+ Kf4 66. Nf2 Kf5 67. Kd2 Kg6 68. Ke3 Ng5 69. Kf4 Kxh6 70. Kg3 Kg6 71. Ng4 Kf5 72. Nh6+ Ke4 73. Ng4 Ne6 74. Nh2 Nd4 1/2-1/2

[Event "Rotterdam Basamro blitz op "]
[Site "Rotterdam"]
[Date "2015.10.24"]
[Round "4"]
[White "Jina, Taran"]
[Black "Van Dijk, Harold"]
[Result "0-1"]
[WhiteElo "1779"]
[BlackElo "2289"]
[PlyCount "32"]
[EventDate "2015.10.24"]
[EventType "swiss (blitz)"]
[EventRounds "8"]
[EventCountry "NED"]
[SourceTitle "EXT 2018"]
[Source "ChessBase"]
[SourceDate "2017.10.13"]
[SourceVersion "1"]
[SourceVersionDate "2017.10.13"]
[SourceQuality "1"]

1. Nf3 Nf6 2. g3 g6 3. Bg2 Bg7 4. 0-0 0-0 5. d4 d6 6. c4 c5 7. Nc3 Nc6 8. Be3 Ng4 9. d5 Nxe3 10. fxe3 Na5 11. Qd3 Qb6 12. Rab1 Qb4 13. Nd2 Bf5 14. e4 Bg4 15. a3 Qb6 16. b4 cxb4+ 0-1

[Event "BCF-ch U16"]
[Site "Coventry"]
[Date "2015.08.05"]
[Round "5"]
[White "Jina, Taran"]
[Black "Varney, Zoe"]
[Result "1-0"]
[WhiteElo "1683"]
[BlackElo "1793"]
[PlyCount "71"]
[EventDate "2015.08.02"]
[EventType "swiss"]
[EventRounds "7"]
[EventCountry "ENG"]
[SourceTitle "CBM 167 Extra"]
[Source "ChessBase"]
[SourceDate "2015.09.14"]
[SourceVersion "1"]
[SourceVersionDate "2015.09.14"]
[SourceQuality "1"]

1. Nf3 d5 2. g3 Nf6 3. Bg2 c6 4. c4 dxc4 5. 0-0 Nbd7 6. Qc2 e5 7. Qxc4 Bd6 8. Qc2 0-0 9. Rd1 Qe7 10. Nc3 Nd5 11. d4 Nxc3 12. bxc3 e4 13. Ne1 f5 14. e3 Nf6 15. f3 exf3 16. Bxf3 Ng4 17. Qe2 h5 18. Ng2 g5 19. Qe1 Nxh2 20. Kxh2 h4 21. Nf4 gxf4 22. gxf4 Re8 23. Qf2 Kh8 24. Rg1 Bd7 25. c4 Rg8 26. Bb2 Kh7 27. Kh3 Rxg1 28. Rxg1 Rg8 29. Rxg8 Kxg8 30. d5 Bc5 31. Qg2+ Kf8 32. Be5 Bxe3 33. Qg6 Bc5 34. Bh5 cxd5 35. Qh6+ Kg8 36. Qh8# 1-0

[Event "BCF-ch U16"]
[Site "Coventry"]
[Date "2015.08.04"]
[Round "4"]
[White "Ashworth, Michael"]
[Black "Jina, Taran"]
[Result "1-0"]
[WhiteElo "1912"]
[BlackElo "1683"]
[PlyCount "109"]
[EventDate "2015.08.02"]
[EventType "swiss"]
[EventRounds "7"]
[EventCountry "ENG"]
[SourceTitle "CBM 167 Extra"]
[Source "ChessBase"]
[SourceDate "2015.09.14"]
[SourceVersion "1"]
[SourceVersionDate "2015.09.14"]
[SourceQuality "1"]

1. d4 e6 2. c4 Bb4+ 3. Bd2 Qe7 4. g3 Nc6 5. Nf3 Nf6 6. Bg2 Bxd2+ 7. Nbxd2 0-0 8. 0-0 d6 9. e4 a5 10. b3 e5 11. d5 Nb8 12. Ne1 c6 13. Nd3 cxd5 14. cxd5 Bd7 15. a4 Rc8 16. Nc4 Rc7 17. Qd2 b5 18. axb5 Bxb5 19. Rxa5 Rxa5 20. Nxa5 Na6 21. Ra1 Nc5 22. Nxc5 Rxc5 23. b4 Rc7 24. Rc1 Qd8 25. Nb3 Qc8 26. Rxc7 Qxc7 27. Qc1 Qxc1+ 28. Nxc1 Bc4 29. f3 Ne8 30. Bf1 Bxf1 31. Kxf1 Nc7 32. Ke2 Kf8 33. Kd3 Ke8 34. Kc4 Kd7 35. Nb3 Na8 36. Kb5 Kc7 37. Na5 Nb6 38. Nc4 Nxc4 39. Kxc4 Kb6 40. g4 g5 41. h3 h6 42. Kb3 Kb7 43. Ka4 Ka6 44. b5+ Kb6 45. Kb4 Kb7 46. Ka5 Ka7 47. b6+ Kb7 48. Kb5 h5 49. gxh5 f5 50. exf5 e4 51. fxe4 g4 52. hxg4 Kb8 53. f6 Ka8 54. f7 Kb7 55. h6 1-0

[Event "BCF-ch U16"]
[Site "Aberystwyth"]
[Date "2014.07.25"]
[Round "6"]
[White "Jina, Taran"]
[Black "Evans, Nicholas Thomas"]
[Result "0-1"]
[WhiteElo "1741"]
[BlackElo "1850"]
[PlyCount "57"]
[EventDate "2014.07.21"]
[EventType "swiss"]
[EventRounds "7"]
[EventCountry "WLS"]
[SourceTitle "CBM 161 Extra"]
[Source "ChessBase"]
[SourceDate "2014.08.29"]
[SourceVersion "1"]
[SourceVersionDate "2014.08.29"]
[SourceQuality "1"]

1. e4 e5 2. Nf3 Nc6 3. Bb5 Nf6 4. d3 Bc5 5. c3 d6 6. d4 exd4 7. cxd4 Bb4+ 8. Kf1 d5 9. e5 Nd7 10. Qb3 Be7 11. Qxd5 Nb4 12. Qb3 c6 13. Bc4 0-0 14. Bxf7+ Rxf7 15. e6 Rxf3 16. Qxf3 Nf6 17. Qe2 Qxd4 18. Nc3 b6 19. Kg1 Ba6 20. Qf3 Nc2 21. Rb1 Qc4 22. h3 Ne1 23. Qg3 Bd6 24. f4 Qxe6 25. Kh2 Nc2 26. Bd2 Nh5 27. Qf3 Nxf4 28. g3 Qxh3+ 29. Kg1 0-1

[Event "BCF-chT3 1314 (4NCL)"]
[Site "England"]
[Date "2014.05.04"]
[Round "10.21"]
[White "Meade, Philip J"]
[Black "Jina, Taran"]
[Result "1/2-1/2"]
[WhiteElo "1950"]
[BlackElo "1724"]
[PlyCount "32"]
[EventDate "2013.11.16"]
[EventType "team-swiss"]
[EventRounds "11"]
[EventCountry "ENG"]
[SourceTitle "EXT 2015"]
[Source "ChessBase"]
[SourceDate "2014.11.20"]
[SourceVersion "1"]
[SourceVersionDate "2014.11.20"]
[SourceQuality "1"]
[WhiteTeam "Gloucestershire Gambits"]
[BlackTeam "Midland Monarchs"]
[WhiteTeamCountry "ENG"]
[BlackTeamCountry "ENG"]

1. e4 d5 2. exd5 Nf6 3. d4 Nxd5 4. Nf3 Bg4 5. Be2 g6 6. 0-0 Bg7 7. Ne5 Bxe2 8. Qxe2 0-0 9. Rd1 c6 10. c4 Nb6 11. Nc3 N8d7 12. Bf4 Nxe5 13. dxe5 Qc8 14. c5 Qf5 15. Qe4 Qxe4 16. Nxe4 Nd5 1/2-1/2

[Event "Hampstead op U2200 12"]
[Site "Hampstead"]
[Date "2013.12.22"]
[Round "4"]
[White "Tomy, Jeff"]
[Black "Jina, Taran"]
[Result "0-1"]
[WhiteElo "1378"]
[BlackElo "1704"]
[PlyCount "124"]
[EventDate "2013.12.21"]
[EventType "swiss"]
[EventRounds "5"]
[EventCountry "ENG"]
[SourceTitle "EXT 2015"]
[Source "ChessBase"]
[SourceDate "2014.11.20"]
[SourceVersion "1"]
[SourceVersionDate "2014.11.20"]
[SourceQuality "1"]

1. e4 d5 2. exd5 Nf6 3. d4 Nxd5 4. c4 Nb6 5. Nf3 Bg4 6. Nc3 e6 7. c5 Nd5 8. Nxd5 Qxd5 9. Be2 Be7 10. h3 Bh5 11. Be3 0-0 12. Qa4 Rd8 13. 0-0-0 b6 14. g4 Bg6 15. Qa3 Be4 16. Bf4 Rc8 17. Rh2 bxc5 18. dxc5 Qxc5+ 19. Qxc5 Bxc5 20. h4 Bd5 21. h5 Bxa2 22. Ne5 Bd5 23. g5 Nc6 24. Rxd5 exd5 25. Nxc6 Bd6 26. Bxd6 cxd6 27. Bb5 Kf8 28. Kd2 a6 29. Ba4 Rc7 30. Nd4 Rc4 31. Rh4 Rxa4 32. Ne6+ fxe6 33. Rxa4 Ke7 34. Rb4 Ra7 35. Rf4 e5 36. Ra4 Ke6 37. b4 Rb7 38. Rxa6 Rxb4 39. Ra7 Rf4 40. Rxg7 Rxf2+ 41. Ke1 Rf7 42. Rg8 Rf5 43. g6 Rxh5 44. g7 Kf7 45. Rd8 Kxg7 46. Rxd6 e4 47. Ke2 Kf7 48. Ke3 Ke7 49. Ra6 Rh3+ 50. Kd4 Rd3+ 51. Ke5 Kd7 52. Ra7+ Kc6 53. Rxh7 e3 54. Rh1 Kc5 55. Re1 Kc4 56. Kf4 Kc3 57. Kf3 Kd4 58. Ke2 Ke4 59. Kf1 Kf3 60. Rc1 Rd2 61. Ke1 Rh2 62. Rc3 Rh1# 0-1